[Event "Niederbayernliga 0708"]
[Site "Germany"]
[Date "2007.10.21"]
[Round "1.8"]
[White "Putz, Georg"]
[Black "Poeschl, Manfred"]
[Result "1-0"]
[WhiteElo "1667"]
[BlackElo "1117"]
[PlyCount "129"]
[EventDate "2007.10.21"]
[EventType "team"]
[EventRounds "9"]
[EventCountry "GER"]
[SourceTitle "EXT 2009"]
[Source "ChessBase"]
[SourceDate "2008.11.26"]
[SourceVersion "1"]
[SourceVersionDate "2008.11.26"]
[SourceQuality "1"]
[WhiteTeam "Simbach"]
[BlackTeam "Landau Dingolfing"]
[WhiteTeamCountry "GER"]
[BlackTeamCountry "GER"]

1. e4 e5 2. Nf3 Nf6 3. Nxe5 Qe7 4. d4 d6 5. Nf3 Nxe4 6. Qe2 h6 7. Nc3 Nxc3 8. bxc3 Bf5 9. Be3 Nd7 10. g3 Nf6 11. Qb5+ Qd7 12. Bd3 Be4 13. Qxd7+ Kxd7 14. Bxe4 Nxe4 15. c4 g6 16. 0-0 Bg7 17. Rab1 b6 18. Rb3 h5 19. Rd3 Ke7 20. Re1 Rhe8 21. c3 Kf8 22. Nd2 Nxd2 23. Rxd2 c5 24. Kf1 Re6 25. Rde2 Rae8 26. Bf4 Rxe2 27. Rxe2 Rxe2 28. Kxe2 Ke7 29. Kd3 Kd7 30. Ke4 f5+ 31. Kd5 Bf6 32. f3 Be7 33. h3 g5 34. Be3 Bf6 35. Bf2 Be7 36. Be3 Bf6 37. Bd2 h4 38. gxh4 gxh4 39. Bh6 Ke7 40. Bf4 Kd7 41. a4 Be7 42. Bh2 Bf8 43. Bf4 Be7 44. Bh6 Bf6 45. Bf8 cxd4 46. cxd4 Be7 47. Bxe7 Kxe7 48. Kc6 Ke6 49. f4 Ke7 50. d5 a6 51. Kxb6 Kd7 52. Kxa6 Kc7 53. Kb5 Kd7 54. Kb6 Kc8 55. Kc6 Kb8 56. Kxd6 Ka7 57. c5 Ka6 58. c6 Ka5 59. c7 Kxa4 60. c8Q Kb5 61. Qc5+ Ka4 62. Qb6 Ka3 63. Qb1 Ka4 64. Kc5 Ka5 65. Qb5# 1-0